• 首页
  • 本馆介绍
  • 公告通知
  • 最新文献
  • 馆藏检索
  • 电子资源
  • 读者导购
  • 参考咨询
  • 我的图书馆
  • 登录
  • 详细信息显示
  • 放入我的书架
  • 预约/预借图书
  • 作者相关作品
  • 分类相关作品
  • 丛书相关作品
  • 出版社相关作品

书目信息

  • 表格格式
  • 工作单格式
  • 卡片格式
题名:
优秀传统文化传承与对外汉语教学
    
 
作者: 祝志春 , 康建军 , 苗林 著
分册:  
出版信息: 长春   吉林出版集团股份有限公司  2021
页数: 182页
开本: 24cm
丛书名:
单 册:
中图分类: G125 , H195.3
科图分类:
主题词: 中华文化--zhong hua wen hua--文化传播--研究 , 汉语--han yu--对外汉语教学--教学研究
电子资源:
ISBN: 978-7-5581-8433-8
000 00991nam0 2200277 450
001 2131739189
005 20210930094336.0
010    @a978-7-5581-8433-8@dCNY54.00
100    @a20210610d2021 em y0chiy0120 ea
101 0  @achi
102    @aCN@b220000
105    @ay z 000yy
106    @ar
200 1  @a优秀传统文化传承与对外汉语教学@Ayou xiu chuan tong wen hua chuan cheng yu dui wai han yu jiao xue@f祝志春,康建军,苗林著
210    @a长春@c吉林出版集团股份有限公司@d2021
215    @a182页@d24cm
330    @a本书主要内容包括:语言与文化、学科理论探讨、语言要素及教学、中国文化教学、汉语国际教育教学法举例、从文化模式认识汉语文化词语。
606 0  @a中华文化@Azhong hua wen hua@x文化传播@x研究
606 0  @a汉语@Ahan yu@x对外汉语教学@x教学研究
690    @aG125@v5
690    @aH195.3@v5
701  0 @a祝志春@Azhu zhi chun@4著
701  0 @a康建军@Akang jian jun@4著
701  0 @a苗林@Amiao lin@4著
801  0 @aCN@b百万庄@c20210929
905    @b1303494-97@dG125@e329@f4
    
    优秀传统文化传承与对外汉语教学/祝志春,康建军,苗林著.-长春:吉林出版集团股份有限公司,2021
    182页;24cm
    
    
    ISBN 978-7-5581-8433-8:CNY54.00
    本书主要内容包括:语言与文化、学科理论探讨、语言要素及教学、中国文化教学、汉语国际教育教学法举例、从文化模式认识汉语文化词语。
●
相关链接 在E读中查询图书 在五车中查询图书 在当当中查询图书 在豆瓣中查询图书


正题名:优秀传统文化传承与对外汉语教学     索取号:G125/329         预约/预借

序号 登录号 条形码 馆藏地/架位号 状态 备注
1 1303494   213034946   第一样本阅览室/ [索取号:G125/329] 在馆    
2 1303495   213034955   第四借阅区/ [索取号:G125/329] 在馆    
3 1303496   213034964   第四借阅区/ [索取号:G125/329] 在馆    
4 1303497   213034973   第四借阅区/ [索取号:G125/329] 在馆    
唐山师范学院图书馆 欢迎您!
大连网信软件有限公司© 版权所有